| 000 | 00712nam a2200217 04500 | ||
|---|---|---|---|
| 001 | 45207 | ||
| 010 | _a9789723113167 | ||
| 021 | _b304380/10 | ||
| 090 | _a45207 | ||
| 100 | _a20111014d2010 k y0pory5003 ba | ||
| 101 | 0 | _apor | |
| 102 | _aPT | ||
| 200 | 1 |
_aDermatologia _eficheiro clínico e terapêutico _fF. Guerra Rodrigo... [et al.] |
|
| 210 | 9 |
_aLisboa _cFundacão Calouste Gulbenkian, _d2010 |
|
| 215 |
_aXXIII, 1462, [1] p. _cil. _d25 cm _e1 CD-ROM |
||
| 225 | 2 | _aManuais universitários | |
| 675 |
_a616.5(075.8) _vBN _zpor |
||
| 701 | 1 |
_aRodrigo, _bF. Guerra, _f1937- _4070 |
|
| 801 | 0 |
_aPT _bBN _gRPC |
|
| 856 | 4 | 1 | _uhttp://rnod.bnportugal.gov.pt/ImagesBN/winlibimg.aspx?skey=&doc=1791766&img=2327&save=true |
| 990 | _cLIVROS | ||